Spiel des Jahres anhand des Spielplans - Statistiken

Allgemein
  • Dieses Quiz wurde 1.265 mal gespielt
  • Das Durchschnittsergebnis liegt bei 4 aus 16
Antwortstatistiken
Bildquiz Antwort % Korrekt
Siedler von Catan
91%
Scotland Yard
69%
Zug um Zug
45%
Azul
24%
Hase und Igel
23%
Sagaland
22%
Café International
19%
MicroMacro: Crime City
15%
Camel Up
13%
Elfenland
9%
Kingdom Builder
8%
Tikal
8%
Heimlich & Co.
7%
Drunter & Drüber
6%
El Grande
5%
Dampfross
3%
Keine übereinstimmenden Quizze gefunden
Verteilung der Resultate
Anzahl Personen mit jedem Resultat
Perzentil nach korrekt beantworteten Fragen
Ihre Resultats-Entwicklung
Sie haben dieses Quiz noch nicht gespielt